The songs of distant Earth

Spremljeno u:
Bibliografski detalji
Glavni autor: Clarke, Arthur C.
Format: Knjiga
Jezik:Undetermined
Izdano: Oxford Oxford Univ. Press 1997
Teme:
Oznake: Dodaj oznaku
Bez oznaka, Budi prvi tko označuje ovaj zapis!
Thư viện lưu trữ: Trung tâm Học liệu Trường Đại học Cần Thơ
LEADER 00545nam a2200205Ia 4500
001 CTU_34956
008 210402s9999 xx 000 0 und d
020 |c 21000 
082 |a 823.9 
082 |b C597 
100 |a Clarke, Arthur C. 
245 4 |a The songs of distant Earth 
245 0 |c Arthur C Clarke 
260 |a Oxford 
260 |b Oxford Univ. Press 
260 |c 1997 
650 |a English fiction,English literature 
650 |y 20th century 
904 |i Minh, Qhieu 
980 |a Trung tâm Học liệu Trường Đại học Cần Thơ